000 00301nam a22001337a 4500
020 _a81-219-0504-4
082 _a824
_bMAR/S
100 _aMARTIN,H
245 _aJUNIOR ESSAYS
260 _aNEW DELHI
_bS CHAND & COMPANY LTD.
300 _a244
650 _aENGLISH COMPOSITION
_zNEW DELHI
942 _cBK
999 _c3675
_d3675